Condición de lugar

Enregistré dans:
Détails bibliographiques
Auteur principal: Villarreal Mesa, Alicia (Auteur)
Format: Livre
Langue:espagnol
Publié: Santiago Fundación Gasco 2008
Sujets:
Tags: Ajouter un tag
Pas de tags, Soyez le premier à ajouter un tag!

MARC

LEADER 00000nam a2200000 a 4500
001 UCG2398
003 CL-VaPUC
008 100708e20081000CL |||||||||||||||||spa|d
082 0 4 |a 709.83  |b VIL  |2 21 
100 0 |a Villarreal Mesa, Alicia  |e author  |9 537071 
245 1 0 |a Condición de lugar 
300 |a 2846 p 
942 |c BK 
945 |d 20100708 00:00:00  |a dcastane 
260 |a Santiago  |b Fundación Gasco  |c 2008 
500 |a Exposición en Sala Gasco Arte Contemporáneo del 16 de octubre al 28 de noviembre de 2008 
650 0 |a Artistas chilenos  |9 344566 
650 0 |a Arte contemporáneo chileno  |9 464579 
583 |a last modification  |c 20100708 00:00:00  |k Rodrigo Vera 
999 |c 341613  |d 341611 
952 |0 0  |1 0  |4 0  |6 709_830000000000000_VIL_2008  |7 0  |8 A  |9 437231  |a BIBART  |b BIBART  |d 2019-11-22  |i 4690001  |o 709.83 VIL 2008  |p 4690001  |r 2025-03-13  |w 2019-11-22  |y BK  |k ART 
952 |0 0  |1 0  |4 0  |6 709_830000000000000_VIL_2008  |7 0  |8 A  |9 437232  |a BIBART  |b BIBART  |d 2019-11-22  |i 469001K  |o 709.83 VIL 2008  |p 469001K  |r 2025-03-13  |w 2019-11-22  |y BK  |k ART